000 00278nam a22001097a 4500
008 170120b xxu||||| |||| 00| 0 eng d
020 _a9780323022002
041 _aeng
080 _23RD
_a618.2
245 _aNURSING INTERVENTIONS & CLINICAL SKILLS
_cCASTALDI, P.A
942 _2udc
_cBK
999 _c3239
_d3239